| Tag |
First Indicator |
Second Indicator |
Subfields |
| LEADER |
00000cam a2200000 a 4500 |
| 001 |
in00000031327 |
| 005 |
20151007060401.0 |
| 008 |
880129s1988 wiu b s00110 eng |
| 010 |
|
|
|a 87040378
|
| 020 |
|
|
|a 0299113701 :
|c $37.50
|
| 020 |
|
|
|a 0299113744 (pbk.) :
|c $15.25
|
| 035 |
|
|
|a (OCoLC)17477607
|
| 035 |
|
|
|9 AAC0723AM
|
| 040 |
|
|
|a DLC
|c DLC
|d TXA
|d UtOrBLW
|
| 043 |
|
|
|a n-us---
|
| 049 |
|
|
|a TXAM
|c [A11680373]
|
| 050 |
0 |
0 |
|a TK5105
|b .W56 1988
|
| 082 |
0 |
|
|a 303.4/834/0973
|2 19
|
| 100 |
1 |
|
|a Wilson, Kevin G.,
|d 1952-
|
| 245 |
1 |
0 |
|a Technologies of control :
|b the new interactive media for the home /
|c Kevin G. Wilson.
|
| 264 |
|
1 |
|a Madison, Wis. :
|b University of Wisconsin Press,
|c 1988.
|
| 300 |
|
|
|a xi, 180 pages ;
|c 24 cm.
|
| 336 |
|
|
|a text
|b txt
|2 rdacontent
|
| 337 |
|
|
|a unmediated
|b n
|2 rdamedia
|
| 338 |
|
|
|a volume
|b nc
|2 rdacarrier
|
| 490 |
1 |
|
|a Studies in communication and society
|
| 504 |
|
|
|a Bibliography: pages 161-171.
|
| 500 |
|
|
|a Includes index.
|
| 650 |
|
0 |
|a Videotex systems
|x Social aspects
|z United States.
|
| 650 |
|
0 |
|a Interactive computer systems
|x Social aspects
|z United States.
|
| 650 |
|
0 |
|a Privacy, Right of
|z United States.
|
| 830 |
|
0 |
|a Studies in communication and society.
|
| 999 |
|
|
|a MARS
|
| 999 |
f |
f |
|s 50e566df-c6d7-35bd-9306-558013d31bef
|i 78d6fd19-287b-3712-87b0-d26ca7cb0948
|t 0
|
| 952 |
f |
f |
|p ric
|a Texas A&M University
|b Rellis Campus
|c Joint Library Facility
|d Remote Storage
|t 0
|e TK5105 .W56 1988
|h Library of Congress classification
|i unmediated -- volume
|m A14811680373
|
| 998 |
f |
f |
|a TK5105 .W56 1988
|t 0
|l Remote Storage
|